[Event "U12 Polish Youth Championship"]
[Site "chess24.com"]
[Date "2018.05.03"]
[Round "6"]
[White "Wawrzyniak, Karol"]
[Black "Taranowicz, Michal"]
[Result "1/2-1/2"]
[Board "20"]
[WhiteElo "1224"]
[WhiteCountry "POL"]
[WhiteFideId "21817588"]
[WhiteEloChange "6"]
[BlackElo "1487"]
[BlackCountry "POL"]
[BlackFideId "21859191"]
[BlackEloChange "-6"]

1. e4 {[%clk 1:30:58]} e6 {[%clk 1:30:57]} 2. d4 {[%clk 1:31:18]} d5 {[%clk
1:31:23]} 3. Nc3 {[%clk 1:31:33]} Bb4 {[%clk 1:31:44]} 4. e5 {[%clk 1:31:29]} c5
{[%clk 1:32:07]} 5. Bd2 {[%clk 1:31:28]} a6 {[%clk 1:32:11]} 6. a3 {[%clk
1:30:17]} Bxc3 {[%clk 1:32:06]} 7. bxc3 {[%clk 1:30:37]} Qc7 {[%clk 1:31:31]} 8.
Bd3 {[%clk 1:27:59]} c4 {[%clk 1:31:01]} 9. Be2 {[%clk 1:27:58]} Ne7 {[%clk
1:31:21]} 10. f4 {[%clk 1:27:35]} Nbc6 {[%clk 1:30:54]} 11. Nf3 {[%clk 1:26:43]}
Bd7 {[%clk 1:30:28]} 12. O-O {[%clk 1:24:54]} O-O-O {[%clk 1:29:04]} 13. Qb1
{[%clk 1:21:59]} f6 {[%clk 1:28:16]} 14. Qb2 {[%clk 1:20:08]} Be8 {[%clk
1:27:33]} 15. Rab1 {[%clk 1:15:29]} Bg6 {[%clk 1:27:02]} 16. a4 {[%clk 1:11:10]}
h6 {[%clk 1:22:47]} 17. Qa2 {[%clk 1:06:07]} Be4 {[%clk 1:13:49]} 18. Rb2 {[%clk
1:03:33]} fxe5 {[%clk 1:10:54]} 19. Nxe5 {[%clk 1:00:51]} Nxe5 {[%clk 1:10:52]}
20. dxe5 {[%clk 1:00:34]} Qc5+ {[%clk 1:05:42]} 21. Kh1 {[%clk 0:59:33]} Rd7
{[%clk 1:04:15]} 22. Bg4 {[%clk 0:54:38]} Nf5 {[%clk 1:03:15]} 23. Qb1 {[%clk
0:50:15]} g5 {[%clk 0:54:20]} 24. Bf3 {[%clk 0:45:52]} Bxf3 {[%clk 0:52:39]} 25.
Rxf3 {[%clk 0:46:10]} g4 {[%clk 0:52:53]} 26. Rf1 {[%clk 0:44:40]} h5 {[%clk
0:52:42]} 27. Qe1 {[%clk 0:41:26]} h4 {[%clk 0:39:48]} 28. Qf2 {[%clk 0:40:12]}
Ng3+ {[%clk 0:39:34]} 29. Kg1 {[%clk 0:39:18]} Qxf2+ {[%clk 0:39:09]} 30. Rxf2
{[%clk 0:39:39]} Ne4 {[%clk 0:39:32]} 31. Re2 {[%clk 0:39:52]} Rf7 {[%clk
0:37:08]} 32. Rb6 {[%clk 0:39:08]} Re8 {[%clk 0:37:26]} 33. Be1 {[%clk 0:38:26]}
g3 {[%clk 0:37:02]} 34. hxg3 {[%clk 0:38:33]} hxg3 {[%clk 0:37:19]} 35. Re3
{[%clk 0:38:11]} Kc7 {[%clk 0:35:55]} 36. a5 {[%clk 0:37:55]} Rg7 {[%clk
0:31:36]} 37. Rf3 {[%clk 0:36:41]} Ree7 {[%clk 0:29:01]} 38. f5 {[%clk 0:32:29]}
exf5 {[%clk 0:28:15]} 39. Rxf5 {[%clk 0:32:54]} Nc5 {[%clk 0:20:59]} 40. Rd6
{[%clk 0:28:09]} Rd7 {[%clk 0:20:51]} 41. Rh6 {[%clk 0:27:28]} Ne4 {[%clk
0:18:16]} 42. e6 {[%clk 0:26:58]} Rd6 {[%clk 0:16:29]} 43. Rf7+ {[%clk 0:25:18]}
Rxf7 {[%clk 0:14:00]} 44. exf7 {[%clk 0:25:39]} Rd8 {[%clk 0:14:12]} 45. Rg6
{[%clk 0:25:06]} Rf8 {[%clk 0:14:24]} 46. Bxg3+ {[%clk 0:24:54]} Nxg3 {[%clk
0:14:15]} 47. Rxg3 {[%clk 0:25:12]} Rxf7 {[%clk 0:14:39]} 48. Rg6 {[%clk
0:24:58]} Rf4 {[%clk 0:14:17]} 49. Re6 {[%clk 0:22:55]} d4 {[%clk 0:13:55]} 50.
cxd4 {[%clk 0:23:06]} Rxd4 {[%clk 0:14:12]} 51. Kf2 {[%clk 0:23:02]} Rd2+ {[%clk
0:13:58]} 52. Re2 {[%clk 0:23:24]} Rd5 {[%clk 0:14:14]} 53. Re4 {[%clk 0:22:51]}
Rc5 {[%clk 0:13:42]} 54. g4 {[%clk 0:22:33]} Kd6 {[%clk 0:13:58]} 55. Kf3 {[%clk
0:22:25]} c3 {[%clk 0:14:00]} 56. Re3 {[%clk 0:20:12]} Rxa5 {[%clk 0:14:03]} 57.
Rxc3 {[%clk 0:20:36]} Ke5 {[%clk 0:13:56]} 58. Rb3 {[%clk 0:20:27]} b5 {[%clk
0:14:04]} 59. Rc3 {[%clk 0:20:10]} b4 {[%clk 0:12:13]} 60. Rc4 {[%clk 0:19:55]}
Ra3+ {[%clk 0:12:07]} 61. Ke2 {[%clk 0:20:09]} a5 {[%clk 0:11:54]} 62. g5 {[%clk
0:19:38]} Kf5 {[%clk 0:11:51]} 63. Rc5+ {[%clk 0:20:00]} Kg6 {[%clk 0:11:59]} 64.
Kd2 {[%clk 0:19:34]} Ra2 {[%clk 0:10:34]} 65. Kc1 {[%clk 0:19:37]} Ra3 {[%clk
0:08:55]} 66. Kb2 {[%clk 0:19:54]} 1/2-1/2

[Event "U12 Polish Youth Championship"]
[Site "chess24.com"]
[Date "2018.05.03"]
[Round "6"]
[White "Kejna, Piotr"]
[Black "Grzadka, Artur"]
[Result "1-0"]
[Board "21"]
[WhiteElo "1483"]
[WhiteTitle "CM"]
[WhiteCountry "POL"]
[WhiteFideId "21821704"]
[WhiteEloChange "5"]
[BlackElo "1269"]
[BlackCountry "POL"]
[BlackFideId "21836736"]
[BlackEloChange "-5"]

1. e4 {[%clk 1:30:59]} e5 {[%clk 1:30:52]} 2. Nf3 {[%clk 1:30:29]} d5 {[%clk
1:31:15]} 3. Nxe5 {[%clk 1:29:05]} Bd6 {[%clk 1:31:38]} 4. d4 {[%clk 1:24:47]}
dxe4 {[%clk 1:31:54]} 5. Bf4 {[%clk 1:11:25]} Nf6 {[%clk 1:28:55]} 6. Bc4 {[%clk
1:09:37]} O-O {[%clk 1:28:38]} 7. O-O {[%clk 1:09:12]} Nc6 {[%clk 1:24:16]} 8.
Nxc6 {[%clk 1:08:53]} bxc6 {[%clk 1:24:33]} 9. Bg5 {[%clk 1:05:20]} Re8 {[%clk
1:19:12]} 10. c3 {[%clk 1:00:22]} Rb8 {[%clk 1:14:33]} 11. b4 {[%clk 0:59:35]}
Bd7 {[%clk 1:09:14]} 12. Nd2 {[%clk 0:56:23]} Be6 {[%clk 1:06:31]} 13. Re1 {[%clk
0:51:36]} Bxc4 {[%clk 1:05:04]} 14. Nxc4 {[%clk 0:51:28]} Qd7 {[%clk 0:59:35]}
15. Bxf6 {[%clk 0:43:18]} gxf6 {[%clk 0:59:20]} 16. Qh5 {[%clk 0:42:50]} Bf4
{[%clk 0:56:56]} 17. Ne3 {[%clk 0:42:18]} Rb5 {[%clk 0:53:09]} 18. Qh4 {[%clk
0:35:07]} Bg5 {[%clk 0:52:15]} 19. Qg3 {[%clk 0:34:22]} Kh8 {[%clk 0:52:32]} 20.
a4 {[%clk 0:33:51]} Rbb8 {[%clk 0:51:58]} 21. h4 {[%clk 0:20:58]} Bh6 {[%clk
0:50:23]} 22. Ng4 {[%clk 0:19:36]} Bg7 {[%clk 0:49:10]} 23. Qf4 {[%clk 0:16:19]}
Qd6 {[%clk 0:44:28]} 24. Rxe4 {[%clk 0:15:25]} Rxe4 {[%clk 0:39:33]} 25. Qxe4
{[%clk 0:15:44]} Qe6 {[%clk 0:39:01]} 26. Qxe6 {[%clk 0:15:26]} fxe6 {[%clk
0:39:25]} 27. Re1 {[%clk 0:15:33]} Re8 {[%clk 0:39:13]} 28. f4 {[%clk 0:14:45]}
h5 {[%clk 0:38:46]} 29. Nf2 {[%clk 0:14:10]} f5 {[%clk 0:37:35]} 30. Nd3 {[%clk
0:13:53]} Bf6 {[%clk 0:36:59]} 31. g3 {[%clk 0:13:35]} Kg7 {[%clk 0:36:38]} 32.
Ne5 {[%clk 0:13:24]} a5 {[%clk 0:34:15]} 33. Nxc6 {[%clk 0:10:35]} axb4 {[%clk
0:34:32]} 34. cxb4 {[%clk 0:10:33]} Kf7 {[%clk 0:34:35]} 35. a5 {[%clk 0:10:13]}
Rg8 {[%clk 0:34:01]} 36. Kf2 {[%clk 0:10:27]} Rg4 {[%clk 0:34:17]} 37. a6 {[%clk
0:10:19]} Kg7 {[%clk 0:34:30]} 38. a7 {[%clk 0:10:11]} Bxh4 {[%clk 0:34:51]} 39.
gxh4 {[%clk 0:10:27]} Rxf4+ {[%clk 0:35:17]} 40. Kg3 {[%clk 0:10:47]} Rg4+ {[%clk
0:35:35]} 41. Kh3 {[%clk 0:11:06]} f4 {[%clk 0:35:54]} 42. a8Q {[%clk 0:11:27]}
Rg3+ {[%clk 0:36:20]} 43. Kh2 {[%clk 0:11:45]} Rg4 {[%clk 0:36:35]} 44. Rg1
{[%clk 0:12:08]} f3 {[%clk 0:36:54]} 45. Rxg4+ {[%clk 0:12:28]} hxg4 {[%clk
0:37:20]} 46. Kg3 {[%clk 0:12:50]} Kh6 {[%clk 0:37:46]} 47. Qh8+ {[%clk 0:12:55]}
Kg6 {[%clk 0:38:05]} 48. Ne5+ {[%clk 0:12:57]} Kf5 {[%clk 0:38:25]} 49. Qh7+
{[%clk 0:13:18]} Kf6 {[%clk 0:38:47]} 50. Qf7# {[%clk 0:13:39]} 1-0

[Event "U12 Polish Youth Championship"]
[Site "chess24.com"]
[Date "2018.05.03"]
[Round "6"]
[White "Blazniak, Bartlomiej"]
[Black "Doskocz, Karol"]
[Result "1/2-1/2"]
[Board "22"]
[WhiteElo "1385"]
[WhiteCountry "POL"]
[WhiteFideId "21835640"]
[WhiteEloChange "2"]
[BlackElo "1467"]
[BlackCountry "POL"]
[BlackFideId "21835802"]
[BlackEloChange "-2"]

1. d4 {[%clk 1:30:58]} d5 {[%clk 1:30:31]} 2. c4 {[%clk 1:31:25]} dxc4 {[%clk
1:30:29]} 3. Nf3 {[%clk 1:31:48]} Nf6 {[%clk 1:26:56]} 4. Nc3 {[%clk 1:31:02]}
Bg4 {[%clk 1:16:20]} 5. e3 {[%clk 1:29:50]} e6 {[%clk 1:14:13]} 6. Bxc4 {[%clk
1:28:48]} c6 {[%clk 1:10:03]} 7. O-O {[%clk 1:21:44]} Be7 {[%clk 1:09:59]} 8. Bd2
{[%clk 1:21:00]} O-O {[%clk 1:09:32]} 9. h3 {[%clk 1:18:28]} Bh5 {[%clk 1:09:26]}
10. Be2 {[%clk 1:14:47]} Nbd7 {[%clk 1:05:00]} 11. a3 {[%clk 1:12:34]} Rc8 {[%clk
1:00:30]} 12. Rc1 {[%clk 1:08:29]} Nb6 {[%clk 0:55:25]} 13. Na4 {[%clk 1:05:07]}
Nbd7 {[%clk 0:48:25]} 14. b4 {[%clk 0:56:21]} a6 {[%clk 0:45:30]} 15. Nc5 {[%clk
0:50:55]} Qc7 {[%clk 0:38:57]} 16. Re1 {[%clk 0:43:28]} Rfd8 {[%clk 0:36:35]} 17.
Qc2 {[%clk 0:41:13]} Qb8 {[%clk 0:30:00]} 18. Qb3 {[%clk 0:32:08]} h6 {[%clk
0:26:27]} 19. Rb1 {[%clk 0:22:27]} Qa8 {[%clk 0:23:45]} 20. Bc3 {[%clk 0:17:58]}
Bd6 {[%clk 0:18:38]} 21. Ba1 {[%clk 0:15:59]} Qa7 {[%clk 0:13:51]} 22. Nxe6
{[%clk 0:11:19]} fxe6 {[%clk 0:12:34]} 23. Qxe6+ {[%clk 0:10:31]} Bf7 {[%clk
0:12:35]} 24. Qxd6 {[%clk 0:10:54]} Nb6 {[%clk 0:12:27]} 25. Qc5 {[%clk 0:09:58]}
Ne4 {[%clk 0:10:23]} 26. Qc2 {[%clk 0:09:15]} Bd5 {[%clk 0:10:03]} 27. Ne5 {[%clk
0:08:04]} Nd7 {[%clk 0:09:00]} 28. Nxd7 {[%clk 0:08:05]} Rxd7 {[%clk 0:09:23]}
29. Bg4 {[%clk 0:07:52]} Rf8 {[%clk 0:08:39]} 30. f3 {[%clk 0:07:22]} Nf6 {[%clk
0:04:43]} 31. Bxd7 {[%clk 0:07:24]} Nxd7 {[%clk 0:05:05]} 32. e4 {[%clk 0:06:40]}
Be6 {[%clk 0:05:18]} 33. Rbd1 {[%clk 0:05:34]} Nf6 {[%clk 0:04:46]} 34. Qf2
{[%clk 0:03:50]} Qb8 {[%clk 0:04:53]} 35. d5 {[%clk 0:03:12]} cxd5 {[%clk
0:05:05]} 36. Bxf6 {[%clk 0:03:33]} Rxf6 {[%clk 0:05:30]} 37. exd5 {[%clk
0:03:50]} Bd7 {[%clk 0:05:47]} 38. Re7 {[%clk 0:02:56]} Ba4 {[%clk 0:05:32]} 39.
Rc1 {[%clk 0:02:46]} Qd8 {[%clk 0:05:17]} 40. Qc5 {[%clk 0:01:49]} Kh7 {[%clk
0:04:19]} 41. Qc7 {[%clk 0:01:42]} Qf8 {[%clk 0:04:20]} 42. d6 {[%clk 0:01:06]}
Rg6 {[%clk 0:04:24]} 43. Rce1 {[%clk 0:00:44]} Qf4 {[%clk 0:03:41]} 44. Qc5
{[%clk 0:00:36]} Qxf3 {[%clk 0:03:25]} 45. Qf2 {[%clk 0:00:51]} Qxa3 {[%clk
0:03:13]} 46. d7 {[%clk 0:00:46]} Qd3 {[%clk 0:01:51]} 47. Qe3 {[%clk 0:00:37]}
Qd5 {[%clk 0:01:44]} 48. Qe4 {[%clk 0:00:39]} Qd2 {[%clk 0:01:56]} 49. Qd4 {[%clk
0:00:47]} Qf2+ {[%clk 0:01:47]} 50. Qxf2 {[%clk 0:00:32]} Bc6 {[%clk 0:00:07]}
1/2-1/2

[Event "U12 Polish Youth Championship"]
[Site "chess24.com"]
[Date "2018.05.03"]
[Round "6"]
[White "Zalega, Maciej"]
[Black "Kolodziejski, Piotr"]
[Result "0-1"]
[Board "23"]
[WhiteElo "1309"]
[WhiteCountry "POL"]
[WhiteFideId "21858284"]
[WhiteEloChange "-7"]
[BlackElo "1418"]
[BlackCountry "POL"]
[BlackFideId "21840962"]
[BlackEloChange "7"]

1. e4 {[%clk 1:30:59]} c5 {[%clk 1:30:54]} 2. Nf3 {[%clk 1:31:24]} e6 {[%clk
1:31:20]} 3. d4 {[%clk 1:31:49]} cxd4 {[%clk 1:31:45]} 4. Nxd4 {[%clk 1:32:15]}
Nc6 {[%clk 1:32:09]} 5. Be3 {[%clk 1:28:44]} Qc7 {[%clk 1:31:42]} 6. Nc3 {[%clk
1:22:54]} a6 {[%clk 1:31:45]} 7. Qd2 {[%clk 1:19:56]} Nf6 {[%clk 1:28:16]} 8. a3
{[%clk 1:15:31]} Be7 {[%clk 1:25:51]} 9. O-O-O {[%clk 1:14:33]} O-O {[%clk
1:24:10]} 10. Be2 {[%clk 1:12:12]} b5 {[%clk 1:20:56]} 11. Nxc6 {[%clk 1:09:16]}
dxc6 {[%clk 1:13:40]} 12. Bf3 {[%clk 0:51:07]} e5 {[%clk 1:09:48]} 13. Na2 {[%clk
0:45:03]} a5 {[%clk 1:04:12]} 14. Bg5 {[%clk 0:42:29]} Be6 {[%clk 0:58:23]} 15.
Bxf6 {[%clk 0:38:23]} Bxf6 {[%clk 0:57:46]} 16. b3 {[%clk 0:34:46]} Be7 {[%clk
0:50:54]} 17. Kb2 {[%clk 0:32:40]} Qb6 {[%clk 0:47:07]} 18. Qe2 {[%clk 0:24:02]}
Qc5 {[%clk 0:42:01]} 19. Ra1 {[%clk 0:12:44]} Qxa3+ {[%clk 0:39:05]} 20. Kb1
{[%clk 0:13:11]} Qc5 {[%clk 0:37:53]} 21. Nc1 {[%clk 0:12:08]} Rfd8 {[%clk
0:35:39]} 22. Kb2 {[%clk 0:10:23]} a4 {[%clk 0:30:57]} 23. Rd1 {[%clk 0:08:24]}
a3+ {[%clk 0:23:56]} 24. Ka2 {[%clk 0:08:42]} Qc3 {[%clk 0:23:26]} 25. Rb1 {[%clk
0:07:58]} Rxd1 {[%clk 0:23:30]} 26. Qxd1 {[%clk 0:08:09]} Rd8 {[%clk 0:23:53]}
27. Qf1 {[%clk 0:06:32]} Qxc2+ {[%clk 0:21:51]} 28. Ka1 {[%clk 0:07:00]} Qc3+
{[%clk 0:21:59]} 29. Ka2 {[%clk 0:07:13]} Rd2+ {[%clk 0:22:23]} 30. Rb2 {[%clk
0:07:38]} Qxb2# {[%clk 0:22:47]} 0-1

[Event "U12 Polish Youth Championship"]
[Site "chess24.com"]
[Date "2018.05.03"]
[Round "6"]
[White "Trochimczuk, Szymon"]
[Black "Iwaszkiewicz, Grzegorz"]
[Result "0-1"]
[Board "24"]
[WhiteElo "1251"]
[WhiteCountry "POL"]
[WhiteFideId "21881260"]
[WhiteEloChange "-6"]
[BlackElo "1411"]
[BlackCountry "POL"]
[BlackFideId "21810214"]
[BlackEloChange "6"]

1. d4 {[%clk 1:30:59]} d5 {[%clk 1:30:55]} 2. c4 {[%clk 1:31:22]} c6 {[%clk
1:31:22]} 3. Nf3 {[%clk 1:31:45]} Nf6 {[%clk 1:31:44]} 4. Nc3 {[%clk 1:32:05]} e6
{[%clk 1:31:58]} 5. e3 {[%clk 1:32:10]} Bd6 {[%clk 1:31:54]} 6. c5 {[%clk
1:32:09]} Be7 {[%clk 1:32:15]} 7. Bd3 {[%clk 1:32:02]} b6 {[%clk 1:32:34]} 8. b4
{[%clk 1:32:01]} a5 {[%clk 1:32:56]} 9. Na4 {[%clk 1:27:32]} Nbd7 {[%clk
1:31:37]} 10. cxb6 {[%clk 1:18:08]} axb4 {[%clk 1:29:08]} 11. Bd2 {[%clk
1:10:17]} Ba6 {[%clk 1:08:28]} 12. Bxa6 {[%clk 1:08:04]} Rxa6 {[%clk 1:08:42]}
13. Qb3 {[%clk 1:03:52]} Qa8 {[%clk 1:03:22]} 14. b7 {[%clk 0:57:03]} Qxb7 {[%clk
1:02:07]} 15. a3 {[%clk 0:55:15]} O-O {[%clk 0:58:30]} 16. Bc1 {[%clk 0:42:27]}
Rfa8 {[%clk 0:57:04]} 17. Nc5 {[%clk 0:34:41]} Bxc5 {[%clk 0:56:07]} 18. dxc5
{[%clk 0:34:17]} Nxc5 {[%clk 0:56:27]} 19. Qb1 {[%clk 0:29:20]} Qb5 {[%clk
0:55:42]} 20. Ne5 {[%clk 0:27:59]} Nfe4 {[%clk 0:52:53]} 21. f3 {[%clk 0:24:05]}
Nc3 {[%clk 0:54:36]} 22. Qc2 {[%clk 0:23:57]} f6 {[%clk 0:52:44]} 23. Ng4 {[%clk
0:23:56]} Nb3 {[%clk 0:51:14]} 24. Nxf6+ {[%clk 0:22:59]} gxf6 {[%clk 0:51:25]}
25. g4 {[%clk 0:22:52]} Nxa1 {[%clk 0:51:41]} 26. Qg2 {[%clk 0:23:09]} Qd3 {[%clk
0:48:51]} 27. g5 {[%clk 0:23:15]} f5 {[%clk 0:48:23]} 28. g6 {[%clk 0:23:16]}
Qd1+ {[%clk 0:46:43]} 29. Kf2 {[%clk 0:23:33]} Qe2+ {[%clk 0:46:32]} 30. Kg3
{[%clk 0:23:47]} Qxg2+ {[%clk 0:46:41]} 31. Kxg2 {[%clk 0:24:08]} Nb3 {[%clk
0:45:57]} 0-1

[Event "U12 Polish Youth Championship"]
[Site "chess24.com"]
[Date "2018.05.03"]
[Round "6"]
[White "Jarocki, Gabriel"]
[Black "Owczarzak, Maciej"]
[Result "1-0"]
[Board "25"]
[WhiteElo "1427"]
[WhiteCountry "POL"]
[WhiteFideId "21852871"]
[WhiteEloChange "9"]
[BlackElo "1402"]
[BlackCountry "POL"]
[BlackFideId "21861048"]
[BlackEloChange "-9"]

1. d4 {[%clk 1:30:57]} Nf6 {[%clk 1:30:52]} 2. Nf3 {[%clk 1:31:15]} g6 {[%clk
1:31:10]} 3. c4 {[%clk 1:31:31]} Bg7 {[%clk 1:31:34]} 4. Nc3 {[%clk 1:31:50]} d5
{[%clk 1:31:58]} 5. Bf4 {[%clk 1:28:58]} O-O {[%clk 1:32:00]} 6. e3 {[%clk
1:29:03]} c5 {[%clk 1:31:52]} 7. dxc5 {[%clk 1:27:32]} Qa5 {[%clk 1:31:21]} 8.
cxd5 {[%clk 1:26:09]} Nxd5 {[%clk 1:30:53]} 9. Be5 {[%clk 1:22:20]} Nxc3 {[%clk
1:26:17]} 10. Qd2 {[%clk 1:08:51]} Qxc5 {[%clk 1:22:31]} 11. Qxc3 {[%clk
1:07:50]} Qxc3+ {[%clk 1:22:21]} 12. Bxc3 {[%clk 1:07:19]} Bxc3+ {[%clk 1:22:06]}
13. bxc3 {[%clk 1:07:41]} Nc6 {[%clk 1:21:10]} 14. Nd4 {[%clk 1:06:48]} e5 {[%clk
1:03:17]} 15. Nxc6 {[%clk 1:06:06]} bxc6 {[%clk 1:03:33]} 16. Bc4 {[%clk
1:04:40]} Bf5 {[%clk 1:03:33]} 17. f3 {[%clk 1:01:21]} e4 {[%clk 0:57:36]} 18. f4
{[%clk 1:00:53]} Rab8 {[%clk 0:57:36]} 19. O-O-O {[%clk 1:00:53]} Rb6 {[%clk
0:44:46]} 20. Kc2 {[%clk 0:56:36]} Rfb8 {[%clk 0:43:51]} 21. Rb1 {[%clk 0:56:29]}
Rxb1 {[%clk 0:43:26]} 22. Rxb1 {[%clk 0:56:45]} Rxb1 {[%clk 0:43:30]} 23. Kxb1
{[%clk 0:56:59]} Kg7 {[%clk 0:42:36]} 24. Kb2 {[%clk 0:57:16]} Kf6 {[%clk
0:36:58]} 25. Ka3 {[%clk 0:55:42]} Be6 {[%clk 0:28:01]} 26. Kb4 {[%clk 0:52:33]}
Bxc4 {[%clk 0:14:29]} 27. Kxc4 {[%clk 0:52:48]} Ke6 {[%clk 0:13:45]} 28. Kc5
{[%clk 0:53:02]} Kd7 {[%clk 0:13:30]} 29. Kd4 {[%clk 0:47:47]} f5 {[%clk
0:13:44]} 30. Ke5 {[%clk 0:40:06]} Ke7 {[%clk 0:13:52]} 31. h3 {[%clk 0:34:10]}
h5 {[%clk 0:07:58]} 32. h4 {[%clk 0:34:14]} a5 {[%clk 0:07:37]} 33. a4 {[%clk
0:33:58]} Kd7 {[%clk 0:06:32]} 34. c4 {[%clk 0:31:11]} Ke8 {[%clk 0:01:20]} 35.
Kd6 {[%clk 0:31:23]} g5 {[%clk 0:01:26]} 36. hxg5 {[%clk 0:31:37]} Kf7 {[%clk
0:01:49]} 37. Kxc6 {[%clk 0:31:59]} Kg6 {[%clk 0:02:13]} 38. Kd6 {[%clk 0:32:19]}
h4 {[%clk 0:02:35]} 39. Ke6 {[%clk 0:32:09]} Kh5 {[%clk 0:02:32]} 40. Kxf5 {[%clk
0:32:22]} 1-0

[Event "U12 Polish Youth Championship"]
[Site "chess24.com"]
[Date "2018.05.03"]
[Round "6"]
[White "Katny, Samuel"]
[Black "Wydmanski, Szymon"]
[Result "1-0"]
[Board "26"]
[WhiteElo "1343"]
[WhiteCountry "POL"]
[WhiteFideId "21846693"]
[WhiteEloChange "11"]
[BlackElo "1361"]
[BlackCountry "POL"]
[BlackFideId "21866759"]
[BlackEloChange "-11"]

1. e4 {[%clk 1:30:58]} c5 {[%clk 1:30:55]} 2. Nf3 {[%clk 1:31:01]} d6 {[%clk
1:31:13]} 3. d4 {[%clk 1:30:05]} cxd4 {[%clk 1:31:25]} 4. Nxd4 {[%clk 1:30:28]}
Nf6 {[%clk 1:31:46]} 5. Nc3 {[%clk 1:30:49]} a6 {[%clk 1:31:59]} 6. Bd3 {[%clk
1:30:15]} e5 {[%clk 1:31:07]} 7. Nb3 {[%clk 1:28:20]} Be6 {[%clk 1:29:28]} 8. Bg5
{[%clk 1:27:20]} Be7 {[%clk 1:28:25]} 9. Nd2 {[%clk 1:19:34]} O-O {[%clk
1:23:26]} 10. O-O {[%clk 1:19:09]} Nbd7 {[%clk 1:19:31]} 11. Bh4 {[%clk 1:13:44]}
Nb6 {[%clk 1:11:57]} 12. Be2 {[%clk 1:08:01]} Qc7 {[%clk 1:00:57]} 13. Qc1 {[%clk
0:57:35]} d5 {[%clk 0:47:21]} 14. exd5 {[%clk 0:56:17]} Nfxd5 {[%clk 0:44:39]}
15. Nxd5 {[%clk 0:54:38]} Nxd5 {[%clk 0:44:49]} 16. Bxe7 {[%clk 0:54:54]} Qxe7
{[%clk 0:45:06]} 17. Bf3 {[%clk 0:54:07]} Nf4 {[%clk 0:42:44]} 18. Ne4 {[%clk
0:50:58]} f5 {[%clk 0:37:00]} 19. Nc3 {[%clk 0:50:31]} g5 {[%clk 0:33:47]} 20.
Qe3 {[%clk 0:40:45]} g4 {[%clk 0:27:37]} 21. Be2 {[%clk 0:36:26]} Qg7 {[%clk
0:25:19]} 22. Kh1 {[%clk 0:36:25]} Nh5 {[%clk 0:17:29]} 23. Rg1 {[%clk 0:34:29]}
f4 {[%clk 0:10:17]} 24. Qe4 {[%clk 0:21:31]} Rad8 {[%clk 0:07:15]} 25. Rad1
{[%clk 0:16:11]} Qg5 {[%clk 0:03:55]} 26. Bc4 {[%clk 0:10:04]} Bxc4 {[%clk
0:02:27]} 27. Qxc4+ {[%clk 0:10:21]} Kh8 {[%clk 0:02:46]} 28. Qe6 {[%clk
0:06:49]} Rde8 {[%clk 0:01:18]} 29. Ne4 {[%clk 0:05:37]} Qg7 {[%clk 0:00:40]} 30.
Qd7 {[%clk 0:05:41]} Re7 {[%clk 0:00:32]} 31. Qd6 {[%clk 0:05:36]} g3 {[%clk
0:00:37]} 32. fxg3 {[%clk 0:05:31]} fxg3 {[%clk 0:00:32]} 33. h3 {[%clk 0:05:40]}
h6 {[%clk 0:00:33]} 34. Rgf1 {[%clk 0:05:26]} Nf4 {[%clk 0:00:36]} 35. Rf3 {[%clk
0:04:40]} Nh5 {[%clk 0:00:31]} 36. Rdf1 {[%clk 0:04:13]} Rxf3 {[%clk 0:00:44]}
37. Rxf3 {[%clk 0:04:30]} Rd7 {[%clk 0:00:39]} 38. Qf8+ {[%clk 0:02:59]} Qxf8
{[%clk 0:00:44]} 39. Rxf8+ {[%clk 0:03:15]} Kg7 {[%clk 0:01:06]} 40. Rf1 {[%clk
0:03:32]} Rd4 {[%clk 0:00:54]} 41. Nc5 {[%clk 0:03:18]} e4 {[%clk 0:00:32]} 42.
Ne6+ {[%clk 0:03:33]} Kg6 {[%clk 0:00:33]} 43. Nxd4 {[%clk 0:03:52]} 1-0

[Event "U12 Polish Youth Championship"]
[Site "chess24.com"]
[Date "2018.05.03"]
[Round "7"]
[White "Chyzy, Jakub"]
[Black "Karwacki, Piotr"]
[Result "1-0"]
[Board "1"]
[WhiteElo "2071"]
[WhiteCountry "POL"]
[WhiteFideId "21806209"]
[WhiteEloChange "2"]
[BlackElo "1720"]
[BlackCountry "POL"]
[BlackFideId "21852200"]
[BlackEloChange "-2"]

1. e4 {[%clk 1:30:59]} c5 {[%clk 1:30:52]} 2. Nf3 {[%clk 1:31:23]} d6 {[%clk
1:31:12]} 3. d4 {[%clk 1:31:49]} cxd4 {[%clk 1:31:36]} 4. Nxd4 {[%clk 1:32:14]}
Nf6 {[%clk 1:31:59]} 5. Nc3 {[%clk 1:32:37]} a6 {[%clk 1:32:24]} 6. Bg5 {[%clk
1:33:00]} e6 {[%clk 1:32:23]} 7. Qd3 {[%clk 1:33:23]} h6 {[%clk 1:26:37]} 8. Bh4
{[%clk 1:33:03]} Be7 {[%clk 1:26:10]} 9. O-O-O {[%clk 1:33:05]} Nbd7 {[%clk
1:24:17]} 10. f4 {[%clk 1:33:06]} g5 {[%clk 1:23:04]} 11. fxg5 {[%clk 1:32:40]}
Ne5 {[%clk 1:22:48]} 12. Qe2 {[%clk 1:32:24]} Nfg4 {[%clk 1:20:12]} 13. h3 {[%clk
1:32:08]} Bxg5+ {[%clk 1:16:41]} 14. Bxg5 {[%clk 1:31:36]} Qxg5+ {[%clk 1:16:19]}
15. Kb1 {[%clk 1:29:14]} Ne3 {[%clk 1:13:27]} 16. h4 {[%clk 1:24:48]} Qg3 {[%clk
1:03:02]} 17. Rh3 {[%clk 1:24:49]} Nxf1 {[%clk 1:03:25]} 18. Rxg3 {[%clk
1:22:16]} Nxg3 {[%clk 1:03:45]} 19. Qf2 {[%clk 1:15:08]} Nh5 {[%clk 1:00:58]} 20.
Nf3 {[%clk 1:13:41]} Ng7 {[%clk 0:51:08]} 21. Nxe5 {[%clk 1:12:44]} dxe5 {[%clk
0:51:27]} 22. Qf6 {[%clk 1:12:38]} O-O {[%clk 0:48:09]} 23. Rd3 {[%clk 1:11:51]}
Kh7 {[%clk 0:45:13]} 24. Qe7 {[%clk 1:10:51]} Rg8 {[%clk 0:42:39]} 25. Qxf7
{[%clk 1:09:38]} Bd7 {[%clk 0:41:49]} 26. Qxd7 {[%clk 1:09:51]} Raf8 {[%clk
0:41:56]} 27. Qxb7 {[%clk 1:07:48]} Rf1+ {[%clk 0:41:40]} 28. Rd1 {[%clk
1:08:10]} Rf2 {[%clk 0:41:42]} 29. Qxa6 {[%clk 1:07:01]} Rgf8 {[%clk 0:41:38]}
30. b4 {[%clk 1:07:08]} Rxg2 {[%clk 0:41:56]} 31. b5 {[%clk 1:07:05]} Rff2 {[%clk
0:42:17]} 32. Qa4 {[%clk 1:07:22]} 1-0